MARC

LEADER 00000nab a2200000 a 4500
001 vtls000929576
003 SK-MaSNL
005 20260303033125.0
008 040720e20020000xo 0 slo
035 |a KE38453 
040 |a KEVKJB  |b slo  |c KEVKJB  |e AACR2 
041 0 |a slo 
044 |a xo  |c SK 
080 |a 669.1  |2 1981 
080 |a 336.761  |2 1981 
100 1 |a Mikloš, Ivan,  |d 1960-  |4 aut  |9 104607 
245 1 0 |a Ad*: Štefan Hríb: Kde je pravda o akciách VSŽ (DF 9/2002) 
518 |a 2001 
610 2 7 |a Východoslovenské železiarne (Košice, Slovensko)  |2 KEVKJB 
610 2 7 |a Transpetrol (Bratislava, Slovensko)  |2 KEVKJB  |9 878750 
610 2 7 |a Východoslovenské železiarne Holding (Košice, Slovensko)  |2 snkbucl  |9 29927 
650 0 7 |a akcie (ekonómia)   |2 KEVKJB  |9 847653 
650 0 7 |a predaj netransparentný  |2 KEVKJB  |9 1016449 
650 0 7 |a polemiky  |2 KEVKJB  |9 29821 
651 7 |a KE,  |2 KEVKJB  |9 877256 
655 7 |a periodikum  |2 snkbucl  |9 29553 
710 2 |a Východoslovenské železiarne (Košice, Slovensko)  |4 aut 
710 2 |a Transpetrol (Bratislava, Slovensko)  |4 aut  |9 878750 
773 0 8 |t Domino fórum  |g Roč. 11, č.11 (2002), s. 9 
852 |a ZVYKNI  |b KIS3GCP 
999 |c 1668704  |d 1670634